| 000 | 01857cam a22003732 b4500 | ||
|---|---|---|---|
| 001 | 8796995 | ||
| 003 | OSt | ||
| 005 | 20150408113914.0 | ||
| 006 | m d | ||
| 007 | cr n | ||
| 008 | 101028e20110104nju s|||||||| ||eng|d | ||
| 020 | _a9783642175718 | ||
| 020 |
_a3642175716 (Trade Paper) _cUSD 107.00 Retail Price (Publisher) |
||
| 024 | 3 | _a9783642175718 | |
| 035 | _a(WaSeSS)ssj0000476319 | ||
| 037 |
_a3642175716 _b00024965 |
||
| 040 |
_aBIP US _dWaSeSS _cدار أجنادين |
||
| 082 |
_221 _a330.0285 _bS A I |
||
| 100 | 1 |
_aSaberi, Amin _eEditor _4edt _93405 |
|
| 210 | 1 | 0 | _aInternet and Network Economics |
| 245 | 1 | 0 |
_aInternet and Network Economics _h[electronic resource]: _b6th International Workshop, WINE 2010, Stanford, CA, USA, December 13-17, 2010, Proceedings |
| 260 |
_aNew York : _bSpringer _cJan. 2011 |
||
| 300 |
_a580p. : _bill. ; _c24 cm. |
||
| 440 | 0 |
_aLecture Notes in Computer Science / Information Systems and Applications, incl. Internet/Web, and HCI Ser. _93406 |
|
| 506 | _aLicense restrictions may limit access. | ||
| 520 | 8 |
_aAnnotation _bThis book constitutes the refereed proceedings of the 6th International Workshop on Internet and Network Economics, WINE 2010, held in Stanford, USA, in December 2010.The 52 revised full papers presented were carefully reviewed and selected from 95 submissions. The papers are organized in 33 regular papers and 19 short papers. |
|
| 521 |
_aScholarly & Professional _bSpringer |
||
| 650 |
_aNetwork economics _93407 |
||
| 650 |
_aComputer networks _xEconomic aspects _93408 |
||
| 773 | 0 | _tSpringerLink ebooks - Computer Science (2010) | |
| 856 | 4 | 0 |
_uhttp://www.columbia.edu/cgi-bin/cul/resolve?clio8796995 _zFull text available from SpringerLink ebooks - Computer Science (2010) |
| 910 | _aBowker Global Books in Print record | ||
| 942 |
_2ddc _cDVD |
||
| 999 |
_c13863 _d248363 |
||